AH International Schools' Libraries

Grandma's Recipes / (Record no. 47269)

MARC details
000 -LEADER
fixed length control field 00354nam a2200133 4500
020 ## - INTERNATIONAL STANDARD BOOK NUMBER
International Standard Book Number 9781781978986
100 ## - MAIN ENTRY--PERSONAL NAME
Personal name Igloobooks,
Relator term publisher,
9 (RLIN) 85285
245 ## - TITLE STATEMENT
Title Grandma's Recipes /
Remainder of title 500 recipes.
Statement of responsibility, etc by igloobooks.
260 ## - PUBLICATION, DISTRIBUTION, ETC. (IMPRINT)
Place of publication, distribution, etc UK;
Name of publisher, distributor, etc igloobooks;
Date of publication, distribution, etc 2014.
300 ## - PHYSICAL DESCRIPTION
Extent 176 pages.
650 #4 - SUBJECT ADDED ENTRY--TOPICAL TERM
9 (RLIN) 39661
Topical term or geographic name as entry element Cooking.
650 #0 - SUBJECT ADDED ENTRY--TOPICAL TERM
9 (RLIN) 53524
Topical term or geographic name as entry element Baking.
942 ## - ADDED ENTRY ELEMENTS (KOHA)
Source of classification or shelving scheme
Koha item type Book
Holdings
Withdrawn status Lost status Source of classification or shelving scheme Damaged status Not for loan Home library Current library Date acquired Total Checkouts Full call number Barcode Date last seen Date checked out Price effective from Koha item type
          Logos International School Logos International School 08/29/2024 1 J 641.5 IGL 042561 10/17/2024 09/05/2024 08/29/2024 Book

For any Logos Library related questions please contact Miss Art at swongnarasuk@asianhope.org.

For any Asian Hope Library related questions please contact Miss Raza at graza@asianhope.org.

Powered by Koha